000 00611nam a22002057a 4500
005 20250117053605.0
008 250117b |||||||| |||| 00| 0 eng d
020 _a978-0-345-52651-9
082 _aFic. B534 2012
100 _aBerry, Steve
245 _aThe Columbus affair:
_ba novel /
_cSteve Berry
260 _aNew York:
_bBallantine Books,
_cc2012
300 _a426p.
541 _e7711 c.1
650 _aJournalists - Fiction
650 _aQuests (Expedition) - Fiction
650 _aTreasure troves - Fiction
650 _aColumbus, Christopher (Fictitious character)
650 _aAdventure fiction
999 _c2360
_d2360